000 00359nam a2200145Ia 4500
008 150201s2005 xx 000 0 und d
082 _a617.63
_bT2005G
100 _aGHOM,A.G
245 _aTEXTBOOK OF ORAL MEDICINE
250 _a1ST
260 _bJAYPEE MEDICAL PUBLISHER
_aDELHI
_c2005
300 _a1-1022
650 _aORAL MEDICINE
942 _2ddc
_cBK
_029
999 _c3354
_d3354